Przystanki tramwajowe w Warszawie z mapą - Statystyki

Ogólne statystyki
  • Ten quiz został rozwiązany 1 038 razy
    191 od ostatniego zresetowania
  • Średni wynik to 112 z 260
Odpowiedzi na mapie
Odpowiedzi zakodowano w zielono-czerwonej skali na mapie do tego quizu, zgodnie z poniższymi procentami.
 
Statystyki odpowiedzi
Nazwa % Poprawnych
Centrum
83%
Metro Młociny
83%
Rondo ONZ
81%
Dw. Centralny
77%
Dw. Gdański
75%
Rondo Daszyńskiego
75%
Metro Marymont
71%
Rondo "Radosława"
71%
Metro Świętokrzyska
70%
Miasteczko Wilanów
69%
Stare Miasto
69%
Dw. Wileński
68%
Gocławek
68%
Kino Femina
68%
Pl. Wilsona
68%
Annopol
67%
P+R Al.Krakowska
67%
Żerań FSO
67%
Muzeum Narodowe
65%
Metro Ratusz-Arsenał
64%
Most Poniatowskiego
64%
Pl. Narutowicza
64%
Metro Politechnika
63%
Rondo Waszyngtona
63%
Stegny
63%
Wiatraczna
63%
Winnica
63%
Tarchomin
62%
Metro Pole Mokotowskie
61%
Metro Wilanowska
61%
Nowe Bemowo
61%
Pl. Unii Lubelskiej
61%
Pl. Zawiszy
61%
Pl. Zbawiciela
61%
Zajezdnia Żoliborz
61%
Banacha
59%
GUS
59%
Krucza
59%
Most Gdański
59%
Muranów
59%
Pl. Konstytucji
59%
Dw. Wschodni (Kijowska)
58%
Koło
58%
Koszykowa
58%
Och-Teatr
58%
Pl. Starynkiewicza
58%
Rondo Żaba
58%
Wyścigi
58%
Hoża
57%
Piaski
57%
AWF
56%
Metro Słodowiec
56%
PKP Służewiec
56%
Biblioteka Narodowa
55%
Cm. Żydowski
55%
Pl. Bankowy
55%
Rakowiecka
55%
Anielewicza
54%
Hala Mirowska
54%
Metro Bemowo
54%
Pl. Grunwaldzki
54%
Pl. Politechniki
54%
Powązkowska
54%
Al. Zieleniecka
53%
Kijowska
53%
Metro Wierzbno
53%
Os.Górczewska
53%
Stawki
53%
Muranowska
51%
Nowodwory
51%
Nowolipki
51%
Okopowa
51%
Rondo Starzyńskiego
51%
Wybrzeże Helskie
51%
Zajezdnia Wola
51%
Boernerowo
50%
Marymont-Potok
50%
Muzeum Powstania
50%
Nowowiejska
50%
Ratuszowa
50%
Tarchomin Kościelny
50%
Żerań Wschodni
50%
Baseny Inflancka
49%
Bitwy Warszawskiej 1920 r.
49%
Cm. Wolski
49%
Królewska
49%
Metro Bródno
49%
Metro Płocka
49%
Woronicza
49%
Morskie Oko
48%
Ochota - Ratusz
48%
Park Kaskada
48%
Sielce
48%
Wola - Ratusz
48%
Kawęczyńska-Bazylika
47%
Kielecka
47%
NIK
47%
Park Praski
47%
PKP Wola (Kasprzaka)
47%
Pl. Inwalidów
47%
Ratuszowa-ZOO
47%
UKSW
47%
Hynka
46%
Rondo Unii Europejskiej
46%
Królikarnia
45%
Świątynia Opatrzności Bożej
45%
Wawelska
45%
Dywizjonu 303
44%
Stare Bemowo
44%
Al. Reymonta
43%
Goworka
43%
Norblin
43%
PKP Rakowiec
43%
PKP Wola (Wolska)
43%
Stare Świdry
43%
WAT
43%
Ząbkowska
43%
Czynszowa
42%
Domaniewska
42%
KS Polonia
42%
Ks. Popiełuszki
42%
Park Traugutta
42%
Pl. Szembeka
42%
Radiowa
42%
Świderska
42%
Szpital Bielański
42%
Wołoska
42%
Zajezdnia Praga
42%
Aspekt
41%
Dickensa
41%
Niska
41%
Park Skaryszewski
41%
PKP Koło
41%
Pl. Hallera
41%
Przy Agorze
41%
Sady Żoliborskie
41%
Trasa Łazienkowska
41%
Cm. Włoski
40%
Dolna
40%
Dyrekcja FSO
40%
Dzika
40%
Mehoffera
40%
Myśliborska
40%
Park Olszyna
40%
Wrocławska
40%
Żytnia
40%
Cm. Wawrzyszewski
39%
Conrada
39%
Fort Wola
39%
Hale Banacha
39%
Ogrody Działkowe Bemowo
39%
Park Dreszera
39%
Gen. Zajączka
38%
Inżynierska
38%
Podleśna-IMGW
38%
Raszyńska
38%
Spacerowa
38%
Štefanika
38%
Szpital Wolski
38%
Grzymalitów
37%
Instytut Lotnictwa
37%
Kinowa
37%
Śreniawitów
37%
Toruńska
37%
Al. Lotników
36%
Hala Wola
36%
Lubelska
36%
Mokotów - Ratusz
36%
Praga-Płd. - Ratusz
36%
Sielecka
36%
Sobieskiego
36%
Telewizja Polska
36%
Grenadierów
35%
Karolkowa
35%
PIMOT
35%
P+R Połczyńska
35%
Rakowiecka-Sanktuarium
35%
Bogusławskiego
34%
Ciepłownia Wola
34%
Krakowiaków
34%
Nocznickiego
34%
Piastów Śląskich
34%
Postępu
34%
Włochy - Ratusz
34%
Wynalazek
34%
Kazubów
33%
Kickiego
33%
Popiela
33%
Samochodowa
33%
Śliwice
33%
Włościańska
33%
Wspólna Droga
33%
Korotyńskiego
32%
Romaszewskiego
32%
Św. Bonifacego
32%
Wołoska-Szpital
32%
Bohomolca
31%
Czumy
31%
Dworkowa
31%
Dzielna
31%
Idzikowskiego
31%
Ordona-WSA
31%
Oś Królewska
31%
Os.Zielony Staw
31%
Rembielińska
31%
Budzińskiej-Tylickiej
30%
Faradaya
30%
Klemensiewicza
30%
Malczewskiego
30%
Pożarowa
30%
Bliska
29%
Golędzinów
29%
Kwatery Głównej
29%
Sowińskiego
29%
Synów Pułku
29%
Żółkiewskiego
29%
Budowlana
28%
Gocławska
28%
Lipowczana
28%
Marynin
28%
Młynarska
28%
Odlewnicza
28%
Reduta Wolska
28%
Sokołowska
28%
Teatr Komedia
28%
Wojnicka
28%
Archimedesa
27%
Berezyńska
27%
Dalibora
27%
Deotymy
27%
Elekcyjna
27%
Konstruktorska
27%
Mangalia
27%
Niedźwiedzia
27%
Bródnowska
26%
Fort Blizne
26%
Pl. Kasztelański
26%
Pl. Pole Elekcyjne
26%
Inowłodzka
25%
Julianowska
25%
Kocjana
25%
Międzyborska
25%
Nałęczowska
25%
Namysłowska
25%
Rogalińska
25%
Środkowa
25%
Wawrzyszewska
25%
Konopacka
24%
Orlich Gniazd
24%
Poborzańska
24%
Bukowińska
23%
Czapelska
23%
Kostrzewskiego
23%
Siodlarska
23%
Batalionu Platerówek
22%
Czarnomorska
22%
Magistracka
21%
Staniewicka
21%
Kulskiego
19%
Długosza
17%
Nie znaleziono quizów pasujących do podanych kryteriów
Rozkład punktacji
Procent ludzi z każdym wynikiem
Percentyl według liczby udzielonych odpowiedzi
Twoja historia wyników
Nie rozwiązałeś tego quizu od ostatniego zresetowania